| 000 | 00337nam a2200133Ia 4500 | ||
|---|---|---|---|
| 999 |
_c16818 _d16818 |
||
| 082 | _aTB.0110 | ||
| 100 | _aBagalkot, L.H. | ||
| 245 | 0 | _aManpower planning at the level of an entreprises | |
| 260 |
_c1986 _bUniversity of Bombay |
||
| 300 | _a447 | ||
| 650 |
_aManpower planning _zIndia |
||
| 710 | _aPanchamukhi, P.R. | ||
| 942 |
_cTH _2ddc |
||